| 000 | 03058nam a2200421 i 4500 | ||
|---|---|---|---|
| 001 | 82480 | ||
| 003 | BD-RjUL | ||
| 005 | 20231217141717.0 | ||
| 008 | 231217s2023 nyu ob 001 0 eng | ||
| 020 |
_a9781003217480 _q(ebk) |
||
| 020 |
_z9781032108742 _q(hbk) |
||
| 020 |
_z9781032108742 _q(pbk) |
||
| 035 | _a(BD-RjUL)82480 | ||
| 040 |
_aDLC _beng _cDLC _erda _dDLC |
||
| 041 | _aeng | ||
| 042 | _apcc | ||
| 082 | 0 | 0 |
_a791.430973 _223 _bGRB 2023 |
| 100 | 1 |
_aGreenwald, Stephen R., _eauthor. _910561 |
|
| 245 | 1 | 4 |
_aThe business of film : _ba practical introduction / _cStephen R. Greenwald, Paula Landry ; with additional content by Michael Kalb and Robert Garson Esq.. |
| 250 | _aThird edition. | ||
| 264 | 1 |
_aNew York, NY : _bRoutledge, Taylor & Francis Group, _c2023. |
|
| 300 | _a1 online resource | ||
| 336 |
_atext _btxt _2rdacontent |
||
| 337 |
_acomputer _bc _2rdamedia |
||
| 338 |
_aonline resource _bcr _2rdacarrier |
||
| 490 | 0 | _aAmerican Film Market presents | |
| 504 | _aIncludes bibliographical references and index. | ||
| 520 | _a"This updated third edition introduces readers to the business of film at every stage of the filmmaking lifecycle, from planning and production to distribution. Celebrated authors Paula Landry and Stephen R. Greenwald offer a practical, hands-on guide to the business aspects of this evolving industry, exploring development, financing, regional/global/online distribution, business models, exhibition, multi-platform delivery, marketing, VR/AR, accounting, and more. The book is illustrated throughout with sample financing scenarios and charts/graphics, and includes detailed case studies from projects of different budgets and markets. This new and expanded edition has further been updated to reflect the new challenges facing the industry due to COVID-19 and how to navigate the new landscape of film financing and distribution. Other updates include coverage of new indie films and distributors, changes to virtual production, the recent impact of global markets including the biggest streamers like Netflix and Amazon are disrupting and shaping the future of the business. This is essential reading for students looking for foundational knowledge of the film industry and guidance on how to successfully adapt to constant changes in the entertainment business. Extensive online support material accompanies the book including downloadable forms and templates, PowerPoint slides, quizzes and test banks, and other additional resources"-- | ||
| 588 | _aDescription based on print version record and CIP data provided by publisher. | ||
| 700 | 1 |
_aLandry, Paula, _d1969- _eauthor. _910562 |
|
| 700 | 1 |
_aKalb, Michael, _eauthor. _910563 |
|
| 700 | 1 |
_aGarson Esq., Robert, _eauthor. _910564 |
|
| 776 | 0 | 8 |
_iPrint version: _aGreenwald, Stephen R. _tBusiness of film _bThird edition. _dNew York : Routledge, Taylor & Francis Group, 2023 _z9781032108742 _w(DLC) 2022017182 |
| 942 |
_2ddc _cBK |
||
| 999 |
_c82480 _d82480 |
||